La politique de cohésion territoriale et la Turquie
Elmentve itt :
| Szerző: | |
|---|---|
| Dokumentumtípus: | Könyv része |
| Megjelent: |
2018
|
| Sorozat: | Cahiers du centre universitaire Francophone
9 Regards nouveaux sur les défis d’avenir 9 |
| Kulcsszavak: | Kohéziós politika - Törökország |
| Tárgyszavak: | |
| Online Access: | http://acta.bibl.u-szeged.hu/63700 |
| LEADER | 00807naa a2200229 i 4500 | ||
|---|---|---|---|
| 001 | acta63700 | ||
| 005 | 20211207090013.0 | ||
| 008 | 200123s2018 hu o 0|| fre d | ||
| 020 | |a 978-615-00-0942-1 | ||
| 022 | |a 2498-5120 | ||
| 040 | |a SZTE Egyetemi Kiadványok Repozitórium |b hun | ||
| 041 | |a fre | ||
| 100 | 1 | |a Sen Nuriye | |
| 245 | 1 | 3 | |a La politique de cohésion territoriale et la Turquie |h [elektronikus dokumentum] / |c Sen Nuriye |
| 260 | |c 2018 | ||
| 300 | |a 89-101 | ||
| 490 | 0 | |a Cahiers du centre universitaire Francophone |v 9 | |
| 490 | 0 | |a Regards nouveaux sur les défis d’avenir |v 9 | |
| 650 | 4 | |a Társadalomtudományok | |
| 650 | 4 | |a Politikatudomány | |
| 695 | |a Kohéziós politika - Törökország | ||
| 856 | 4 | 0 | |u http://acta.bibl.u-szeged.hu/63700/1/009_francophone_089-101.pdf |z Dokumentum-elérés |